000 00207nam a22001097a 4500
041 _aeng
080 _a80
100 _aNiles, O. S., Katterjohn, E.
245 _aFocus.
650 _aReading
999 _c281454
_d281454
942 _cBK